[Event "TCh-BIH Prem"]
[Site "Neum BIH"]
[Date "2005.06.06"]
[Round "3"]
[White "Pasic,E"]
[Black "Zivkovic,Vj"]
[Result "0-1"]
[WhiteElo "2302"]
[BlackElo "2412"]

1.e4 c5 2.Nf3 e6 3.d4 cxd4 4.Nxd4 a6 5.Nc3 Qc7 6.g3 Nf6 7.Bg2 Nc6 8.O-O d6
9.Nxc6 bxc6 10.e5 dxe5 11.Na4 Rb8 12.c4 Be7 13.b3 c5 14.Qe2 Bd7 15.Bb2 Bxa4
16.Bxe5 Bd6 17.Bxd6 Qxd6 18.Rad1 Qc7 19.bxa4 O-O 20.Rd2 Rfd8 21.Rfd1 h6 22.h3 a5
23.Rxd8+ Rxd8 24.Rb1 Rd4 25.Rb7 Qd6 26.Rb5 Rd1+ 27.Kh2 Rd2 28.Qe3 Rd4 29.Rxa5 Rxc4
30.Ra8+ Kh7 31.a5 Qd4 32.a6 Qxe3 33.fxe3 Ra4 34.Bb7 Rxa2+ 35.Kg1 Nd5 36.Rc8 Nb4
37.Rxc5 Nxa6 38.Bxa6 Rxa6 39.Kf2 Kg6 40.Kf3 Ra2 41.g4 Rd2 42.h4 Rd5 43.h5+ Kf6
44.Rc7 Rd1 45.Ke2 Rg1 46.Kf3 Kg5 47.Kf2 Rxg4 48.Rxf7 Kxh5  0-1

[Event "TCh-BIH Prem"]
[Site "Neum BIH"]
[Date "2005.06.08"]
[Round "5"]
[White "Arapovic,V"]
[Black "Covic,D"]
[Result "1/2-1/2"]
[WhiteElo "2435"]
[BlackElo "2289"]

1.e4 c5 2.Nc3 e6 3.Nf3 a6 4.d4 cxd4 5.Nxd4 d6 6.g3 Nf6 7.Bg2 Bd7 8.O-O Nc6
9.h3 Be7 10.g4 Nxd4 11.Qxd4 e5 12.Qd1 Be6 13.Be3 h5 14.g5 Nh7 15.h4 Nf8 16.f4  1/2-1/2

[Event "TCh-BIH Prem"]
[Site "Neum BIH"]
[Date "2005.06.08"]
[Round "5"]
[White "Pasic,E"]
[Black "Hodzic,N"]
[Result "0-1"]
[WhiteElo "2302"]
[BlackElo "2252"]

1.e4 c5 2.Nf3 e6 3.d4 cxd4 4.Nxd4 a6 5.Nc3 b5 6.Bd3 Qb6 7.Nb3 Qc7 8.O-O Bb7
9.Qe2 d6 10.f4 Nd7 11.Kh1 Ngf6 12.a3 Be7 13.Nd4 O-O 14.Be3 Nc5 15.Bg1 Nfd7
16.Rae1 Bf6 17.Qh5 g6 18.Qh3 Bg7 19.f5 exf5 20.exf5 Nxd3 21.cxd3 Rfe8 22.fxg6 hxg6
23.Nf3 Rxe1 24.Rxe1 Ne5 25.Ng5 Qc8 26.Qh7+ Kf8 27.Nce4 Bxe4 28.Nxe4 d5 29.Bc5+  0-1

[Event "TCh-BIH Prem"]
[Site "Neum BIH"]
[Date "2005.06.08"]
[Round "5"]
[White "Brkic,A"]
[Black "Markus,R"]
[Result "1/2-1/2"]
[WhiteElo "2477"]
[BlackElo "2584"]

1.e4 c5 2.Nf3 e6 3.d4 cxd4 4.Nxd4 a6 5.Nc3 Qc7 6.Be2 Nf6 7.O-O Nc6 8.Be3 Be7
9.f4 d6 10.a4 O-O 11.Kh1 Re8 12.Bg1 Bd7 13.Qd3 Rac8 14.Qg3 e5 15.fxe5 dxe5
16.Nxc6 Qxc6 17.Bd3 Be6 18.Qxe5 Ng4 19.Qf4 Bd6 20.Qd2 Bc5 21.Bxc5 Qxc5 22.h3 Ne5
23.Rfd1 Red8 24.Qf4 f6 25.Nd5 Bxd5 26.exd5 Nxd3  1/2-1/2

[Event "TCh-BIH Prem"]
[Site "Neum BIH"]
[Date "2005.06.09"]
[Round "6"]
[White "Milosevic,G"]
[Black "Zivkovic,Vj"]
[Result "0-1"]
[WhiteElo "2401"]
[BlackElo "2412"]

1.e4 c5 2.Nf3 e6 3.d4 cxd4 4.Nxd4 a6 5.Nc3 b5 6.Bd3 Qb6 7.Nb3 Qc7 8.O-O Bb7
9.f4 Nf6 10.e5 b4 11.exf6 bxc3 12.f5 gxf6 13.fxe6 dxe6 14.bxc3 Rg8 15.Rf2 Bd6
16.Qh5 Nd7 17.Bf1 Ke7 18.Be3 Ne5 19.Rd1 Qxc3 20.Qh3 Ng4 21.Re2 Nxe3 22.Rxe3 Qc7
23.Nd4 Be5 24.Kh1 Rad8 25.c3 Rg5 26.Rb1 Bd5 27.Nf3 Rf5 28.Nxe5 Rxe5 29.c4 Be4
30.Rbe1 Rd4 31.Qg3 Qc5 32.Rb3 Rd2 33.Rbe3 Rg5 34.Qh3 Rgxg2  0-1

[Event "TCh-IRI"]
[Site "Tehran IRI"]
[Date "2005.06.10"]
[Round "5"]
[White "Petrosian,TL"]
[Black "Khaghani,M"]
[Result "0-1"]
[WhiteElo "2599"]
[BlackElo "2311"]

1.e4 c5 2.Nc3 e6 3.Nf3 a6 4.d4 cxd4 5.Nxd4 b5 6.Bd3 Qb6 7.Nf3 Nc6 8.O-O Qb8
9.b3 Be7 10.Bb2 Bf6 11.Qe2 Nge7 12.a4 b4 13.Nd1 Bxb2 14.Nxb2 O-O 15.Nc4 d5
16.exd5 Nxd5 17.Qe4 g6 18.Ne3 Nce7 19.Ne5 Qc7 20.Nxd5 Nxd5 21.Rfe1 Bb7 22.a5 f6
23.Nf3 Rfe8 24.Qh4 Kg7 25.Re4 e5 26.Rc4 Qf7 27.Be4 Rac8 28.Bxd5 Bxd5 29.Rxc8 Rxc8
30.Ne1 Qb7 31.Ra4 e4 32.Qf4 Bc6 33.Ra1 Qd7 34.Qe3 Rd8 35.c3 bxc3 36.Qxc3 Bb5
37.g3 Qd2 38.Qxd2 Rxd2 39.Rb1 f5 40.h4 Kf6 41.Ng2 Bd3 42.Rc1 Rb2 43.Nf4 Bc2
44.Nd5+ Ke5 45.Ne3 Rb1 46.Rxb1 Bxb1 47.Kf1 Kd4 48.h5 gxh5 49.Nxf5+ Kc3 50.Ke2 Kxb3
51.Nd6 Kb4 52.Nb7 Ba2 53.Ke3 Bd5 54.Nd6 Kxa5 55.Kd4 Ba2 56.Nxe4 Kb4 57.Nc5 a5
58.f4 Bb1 59.Na6+ Kb3 60.Nc5+ Kb4 61.Na6+ Kb3 62.Nc5+ Kb4 63.Na6+ Kb5 64.Nc7+ Kc6
65.Nd5 a4 66.Nf6 Bg6 67.f5 Bxf5 68.Nxh5 Be6 69.Nf6 a3 70.Kc3 h6 71.Ne4 Kd5
72.Nf2 Ke5 73.Nd3+ Kf5 74.Nf2 a2 75.Kb2 Ke5 76.Nd3+ Kd4 77.Nf4 Bf7 78.g4 Ke3  0-1

[Event "FSGM June"]
[Site "Budapest HUN"]
[Date "2005.06.11"]
[Round "8"]
[White "Hoffmann,Mi1"]
[Black "Seres,L"]
[Result "1/2-1/2"]
[WhiteElo "2476"]
[BlackElo "2424"]

1.e4 c5 2.Nf3 e6 3.d4 cxd4 4.Nxd4 a6 5.Nc3 Qc7 6.Bd3 Nf6 7.O-O Nc6 8.Be3 b5
9.Nxc6 Qxc6 10.a3 Bb7 11.Kh1 b4 12.axb4 Bxb4 13.Bd4 Bxc3 14.Bxc3 Nxe4 15.Bxe4 Qxe4
16.f3 Qd5 17.Qxd5  1/2-1/2

[Event "TCh-BIH Prem"]
[Site "Neum BIH"]
[Date "2005.06.11"]
[Round "8"]
[White "Markovic,L"]
[Black "Predojevic,B"]
[Result "0-1"]
[WhiteElo "2195"]
[BlackElo "2549"]

1.e4 c5 2.Nf3 e6 3.d4 cxd4 4.Nxd4 a6 5.Nc3 Qc7 6.Be3 Bb4 7.Ne2 Nf6 8.a3 Be7
9.Qd2 Nc6 10.f4 d6 11.Nd4 Bd7 12.Bd3 b5 13.h3 Nxd4 14.Bxd4 Bc6 15.O-O O-O
16.e5 Nd7 17.exd6 Qxd6 18.Be4 Nf6 19.Bxc6 Qxc6 20.Kh2 Rad8 21.Rad1 Rd7 22.Qe2 Rfd8
23.Be5 g6 24.Rxd7 Nxd7 25.Bd4 f5 26.Re1 Kf7 27.g3 Nf6 28.Be5 h5 29.Qg2 Qb6
30.Qe2 Rd7 31.Rd1 Rxd1 32.Nxd1 Nd5 33.Qd3 h4 34.g4 Bd6 35.gxf5 gxf5 36.Qf3 Bxe5
37.Qh5+ Ke7 38.fxe5 Qd4 39.Qe2 Qf4+ 40.Kh1 Qg3 41.Nf2 Ne3 42.Nd3 Qxh3+ 43.Kg1 Qg3+
44.Kh1 h3 45.Qf2 Qg4 46.Kh2 Nd5 47.Qa7+ Kf8 48.Qa8+ Kf7 49.Qa7+ Kg6 50.Qg1 Qxg1+
51.Kxg1 f4 52.Kh2 Kf5 53.Kxh3 Ne3 54.Nb4 Kxe5 55.Nxa6 Nxc2 56.Kg4 Ke4 57.Nc5+ Ke3
58.Kg5 f3 59.Nxe6 f2  0-1

[Event "III Open"]
[Site "Bajada de la Virgen ESP"]
[Date "2005.06.13"]
[Round "1"]
[White "Bojovic,D"]
[Black "Miezis,N"]
[Result "0-1"]
[WhiteElo "2154"]
[BlackElo "2564"]

1.e4 c5 2.Nf3 e6 3.d4 cxd4 4.Nxd4 a6 5.Nc3 Qc7 6.g3 Bb4 7.Qd3 Nf6 8.Bg2 Nc6
9.Nxc6 dxc6 10.f4 e5 11.f5 b5 12.Bg5 h6 13.Bh4 Bb7 14.O-O-O Bc5 15.h3 a5
16.g4 a4 17.g5 hxg5 18.Bxg5 b4 19.Nb1 Ba6 20.Qf3 Bc4 21.a3 Rb8 22.axb4 Bxb4
23.Bd2 Be7 24.Qc3 Ba2 25.Na3 Rb7 26.Rhg1 Nd7 27.Bf1 Bb4 28.Qg3 Bc5 29.Rg2 Qb6
30.Bc3 Be3+ 31.Rdd2 Qc5 32.Kd1 Bxd2 33.Rxd2 f6 34.Qd3 Ke7 35.Rg2 Rh7 36.Nc4 Bxc4
37.Qxc4 Qxc4 38.Bxc4 Nc5 39.Bg8 Rxh3 40.Rxg7+ Kf8 41.Rxb7 Nxb7 42.Be6 Rxc3
43.bxc3 Nc5 44.Bc4 Ke7 45.Kc1 Nxe4  0-1

[Event "III Open"]
[Site "Bajada de la Virgen ESP"]
[Date "2005.06.14"]
[Round "2"]
[White "Miton,K"]
[Black "Sriram,J"]
[Result "1-0"]
[WhiteElo "2592"]
[BlackElo "2445"]

1.e4 c5 2.Nc3 a6 3.Nf3 e6 4.d4 cxd4 5.Nxd4 b5 6.Bd3 Qb6 7.Nf3 Nc6 8.O-O Qb8
9.Bg5 Nge7 10.a4 b4 11.Ne2 Ng6 12.Qd2 Bd6 13.Rad1 O-O 14.h3 Bc7 15.Nfd4 Nce5
16.Be3 Nxd3 17.cxd3 f5 18.f3 a5 19.Rc1 Ba6 20.exf5 exf5 21.Rc5 Ne5 22.Nb5 d6
23.Rxc7 Bxb5 24.Rxg7+ Kxg7 25.Bh6+ Kh8 26.Bxf8 Qb6+ 27.Kh1 Rxf8 28.axb5 Qxb5
29.Qh6 Rf7 30.Nd4 Qd7 31.Ra1 Qd8 32.Rc1 Nxd3 33.Rc6 Rf6 34.Rc8 Qxc8 35.Qxf6+ Kg8
36.Ne6  1-0

[Event "III Open"]
[Site "Bajada de la Virgen ESP"]
[Date "2005.06.14"]
[Round "3"]
[White "Hernandez Leon,A"]
[Black "Lujan,C"]
[Result "0-1"]
[WhiteElo "2033"]
[BlackElo "2336"]

1.e4 c5 2.Nf3 e6 3.d4 cxd4 4.Nxd4 a6 5.Nc3 Qc7 6.Bd3 Nc6 7.Be3 Nf6 8.O-O Ne5
9.h3 Bc5 10.Qe2 d6 11.f4 Ng6 12.Rae1 b5 13.Nb3 Bxe3+ 14.Qxe3 O-O 15.Qg3 b4
16.Nd1 Bb7 17.Nf2 Nh5  0-1

[Event "III Open"]
[Site "Bajada de la Virgen ESP"]
[Date "2005.06.15"]
[Round "4"]
[White "Delchev,A"]
[Black "Sriram,J"]
[Result "1-0"]
[WhiteElo "2614"]
[BlackElo "2445"]

1.e4 c5 2.Nf3 e6 3.d4 cxd4 4.Nxd4 a6 5.Nc3 b5 6.Bd3 Qb6 7.Nb3 Qc7 8.Qe2 d6
9.a4 b4 10.Nd1 Nf6 11.f4 Bb7 12.Nf2 Nbd7 13.Bd2 a5 14.c3 bxc3 15.Bxc3 Be7
16.Rc1 Qb6 17.Bb5 O-O 18.Bd4 Qd8 19.O-O e5 20.Bc3 exf4 21.Rfd1 Qb8 22.Nxa5 Rc8
23.b4 Ne5 24.Bb2 Rxc1 25.Rxc1 Bc8 26.Nc6 Nxc6 27.Bxc6 Bb7 28.Qb5 Bxc6 29.Qxc6 Qa7
30.a5 Rb8 31.Qc7 Qxc7 32.Rxc7 Rxb4 33.Nd3 Rxe4 34.a6 Nd5 35.Rb7 Ra4 36.a7 Bf8
37.Bd4 Ne7 38.Rc7 g5 39.Nb4 g4 40.Nc6 Nf5 41.Bb6 f3 42.gxf3 gxf3 43.Kf2 Ra2+
44.Kxf3 Ra3+ 45.Ke4  1-0

[Event "St Petersburg vs Moscow"]
[Site "St Petersburg RUS"]
[Date "2005.06.15"]
[Round "2"]
[White "Zaitsev,I"]
[Black "Karasev,V"]
[Result "1-0"]
[WhiteElo "2415"]
[BlackElo "2396"]

1.e4 c5 2.Nf3 e6 3.Nc3 a6 4.d4 cxd4 5.Nxd4 Qc7 6.Bd3 Bd6 7.Qd2 Nc6 8.Nxc6 dxc6
9.Qg5 f6 10.Qh5+ g6 11.Qh4 b5 12.e5 Bxe5 13.Bxg6+ Kf8 14.Be3 f5 15.Bh5 Qe7
16.Bg5 Bf6 17.Bxf6 Nxf6 18.O-O-O Nd5 19.Qd4 Rg8 20.Bf3 Bb7 21.Rhe1 Re8 22.Qe5 Rg7
23.g3 Kg8 24.Ne2 c5 25.Bh1 Qc7 26.Qxc7 Rxc7 27.Bxd5 exd5 28.Nf4 Rxe1 29.Rxe1 d4
30.Re5 Be4 31.g4 Rg7 32.gxf5 Rg1+ 33.Kd2 Bf3 34.Re1 Rxe1 35.Kxe1 Be4 36.Ne6 Bxc2
37.Nxc5 a5 38.Nb3 Bxf5 39.Nxd4 Bd3  1-0

[Event "III Open"]
[Site "Bajada de la Virgen ESP"]
[Date "2005.06.16"]
[Round "5"]
[White "Lopez Pereyra,A"]
[Black "Illijin,N"]
[Result "0-1"]
[WhiteElo "2165"]
[BlackElo "2244"]

1.e4 c5 2.Nf3 e6 3.d4 cxd4 4.Nxd4 a6 5.Nc3 b5 6.g3 Bb7 7.Bg2 b4 8.Na4 Nf6
9.Qe2 Nc6 10.Nb3 d6 11.Be3 Nd7 12.O-O Be7 13.Rad1 Qc7 14.c3 a5 15.f4 O-O
16.Rc1 Ba6 17.c4 Rfc8 18.Qf2 Rab8 19.Rfd1 Nd8 20.Nd4 Nc5 21.Nxc5 dxc5 22.Ne2 Nb7
23.e5 Rd8 24.b3 Rxd1+ 25.Rxd1 Rd8 26.Rf1 Rf8 27.g4 a4 28.g5 Na5 29.Rb1 Bb7
30.Ng3 Bxg2 31.Qxg2 Rd8 32.Ne4 Qc6 33.Kf2 Kf8 34.h4 Rd3 35.h5 axb3 36.axb3 Rxb3
37.Rxb3 Nxb3 38.g6 fxg6 39.hxg6 h6 40.Qg4 Qxe4 41.Qxe6 Bh4+ 42.Kf1 Qf3+ 43.Kg1 Qxe3+
44.Kg2 Qf2+ 45.Kh1 Qf3+  0-1

[Event "III Open"]
[Site "Bajada de la Virgen ESP"]
[Date "2005.06.16"]
[Round "6"]
[White "Delchev,A"]
[Black "Mogranzini,R"]
[Result "1/2-1/2"]
[WhiteElo "2614"]
[BlackElo "2363"]

1.e4 c5 2.Nf3 e6 3.Nc3 a6 4.d4 cxd4 5.Nxd4 Qc7 6.Be2 Nc6 7.O-O Nf6 8.Be3 d6
9.f4 Be7 10.a4 O-O 11.Kh1 Re8 12.Bf3 Rb8 13.Qd2 Na5 14.Qf2 b6 15.e5 dxe5
16.fxe5 Qxe5 17.Nc6 Nxc6 18.Bxc6 Bd6 19.Bf4 Qxf4 20.Qxf4 Bxf4 21.Bxe8 Bd6
22.Bc6 Ng4 23.Rad1 Bc7 24.Rd4 f5 25.Nd5 Bd8 26.Re1 e5 27.Rxg4 fxg4 28.Rxe5 Kf7
29.Re8 Be6 30.Rh8 Bxd5 31.Bxd5+ Kf6 32.Rxh7 g3 33.hxg3 Bc7 34.Kh2 Re8 35.Rh4 a5
36.Be4 Be5 37.b3 Rd8 38.Bd3 Rd6 39.Rh5  1/2-1/2

[Event "PanAmY U16B"]
[Site "Balneario Camboriu BRA"]
[Date "2005.06.16"]
[Round "8"]
[White "Pacheco,G"]
[Black "Bachmann,Ax"]
[Result "0-1"]
[WhiteElo "2168"]
[BlackElo "2410"]

1.e4 c5 2.Nf3 e6 3.d4 cxd4 4.Nxd4 a6 5.Nc3 Qc7 6.Be2 Be7 7.O-O d6 8.Be3 Nf6
9.f4 Nc6 10.Qe1 Bd7 11.Qg3 g6 12.Rae1 h5 13.Nxc6 Bxc6 14.Bd4 Rg8 15.e5 Ne4
16.Nxe4 Bxe4 17.Qe3 Qc6 18.exd6 Bxd6 19.Bf3 Bxf3 20.Rxf3 Qxc2 21.Rc1 Qf5
22.Be5 Rd8 23.Bxd6 Rxd6 24.Rc8+ Rd8 25.Rxd8+ Kxd8 26.Qa7 Ke7 27.Qxb7+ Kf6
28.Qb6 Kg7 29.Rf1 Qd3 30.Qc5 Rd8 31.Qc3+ Qxc3 32.bxc3 Kf6 33.Rb1 Kf5 34.Rb7 f6
35.Rb6 Rd1+ 36.Kf2 Rd2+ 37.Kf3 Rxa2 38.Rc6 e5 39.fxe5 fxe5 40.h3 h4 41.g4+ hxg3
42.Kxg3 g5 43.c4 Ra3+ 44.Kg2 a5 45.Rc8 Ra2+ 46.Kg3 Ra3+ 47.Kg2 e4 48.c5 Rc3
49.c6 Kf4 50.c7 Rc2+ 51.Kf1 Ke3 52.Ra8 Rxc7 53.Rxa5 Kf4 54.Ra3 Rd7 55.Ke2 Rd3
56.Ra8 Rxh3 57.Rf8+ Kg3 58.Ke3 g4 59.Rf4 Kh2+  0-1

[Event "III Summer"]
[Site "Alushta UKR"]
[Date "2005.06.18"]
[Round "2"]
[White "Belikov,V"]
[Black "Belosvetov,N"]
[Result "1-0"]
[WhiteElo "2517"]
[BlackElo "2340"]

1.e4 c5 2.Nf3 e6 3.Nc3 a6 4.d4 cxd4 5.Nxd4 Qc7 6.Bd3 Nf6 7.f4 d6 8.Qe2 Nbd7
9.Nf3 e5 10.Bd2 Be7 11.g4 exf4 12.g5 Nh5 13.Nd5 Qd8 14.O-O-O Nc5 15.Bc3 h6
16.e5 hxg5 17.exd6 Qxd6 18.Be5 Qxd5 19.Bb5+ axb5 20.Rxd5 O-O 21.Bxg7 Be6
22.Rxg5  1-0

[Event "White Nights"]
[Site "St Petersburg RUS"]
[Date "2005.06.19"]
[Round "2"]
[White "Ivanov,Al3"]
[Black "Ezov,R"]
[Result "1-0"]
[WhiteElo "2303"]
[BlackElo "2179"]

1.e4 c5 2.Nf3 e6 3.d4 cxd4 4.Nxd4 a6 5.Nc3 b5 6.Bd3 Bb7 7.O-O Qc7 8.Re1 d6
9.Bg5 Nf6 10.Bxf6 gxf6 11.a4 Qb6 12.Nd5 Bxd5 13.exd5 e5 14.Nc6 bxa4 15.Rxa4 Nxc6
16.dxc6 Qxc6 17.Rc4 Qd7 18.Be4 Rc8 19.Qd3 Rc5 20.Rxc5 dxc5 21.Qxa6  1-0

[Event "Zepter"]
[Site "Valjevo SCG"]
[Date "2005.06.19"]
[Round "9"]
[White "Bozic,Mi"]
[Black "Kostic,Vl"]
[Result "0-1"]
[WhiteElo "2394"]
[BlackElo "2439"]

1.e4 c5 2.Nf3 e6 3.d4 cxd4 4.Nxd4 a6 5.Nc3 Qc7 6.Bd3 b5 7.a4 b4 8.Nce2 Bb7
9.Ng3 Nf6 10.a5 h5 11.h4 g6 12.Qe2 Ng4 13.Nb3 Nc6 14.Nf1 Bg7 15.f3 Nge5 16.Be3 d6
17.Bb6 Qe7 18.Ne3 O-O 19.O-O-O Nd7 20.Nc4 Nce5 21.Nxe5 Nxb6 22.Nxg6 fxg6
23.axb6 Qf6 24.e5 Qf4+ 25.Kb1 Bxe5 26.Bxg6 a5 27.Nc1 Qf6 28.Bxh5 a4 29.Qd3 Kg7
30.f4 Bxb2 31.Qxd6 Bxc1 32.Rxc1 a3 33.Qe5 Qxe5 34.fxe5 Rf2 35.Rhd1 Bxg2 36.Rd6 Be4
37.Rg1+ Kh6 38.Bd1 b3 39.b7 a2+ 40.Ka1 b2+ 41.Kxb2 a1=Q+  0-1

[Event "Open"]
[Site "Voronezh RUS"]
[Date "2005.06.19"]
[Round "7"]
[White "Eraschenkov,D"]
[Black "Kosov,Iv"]
[Result "1-0"]
[WhiteElo "2378"]
[BlackElo "2175"]

1.Nc3 c5 2.Nf3 e6 3.e4 a6 4.d4 cxd4 5.Nxd4 Qc7 6.Bd3 Nf6 7.O-O b5 8.Re1 d6
9.Bg5 Nbd7 10.a4 bxa4 11.Rxa4 Be7 12.Rc4 Qb7 13.Nc6 Ne5 14.Nxe7 Nxc4 15.Bxc4 Qxe7
16.Nd5 Qb7 17.Bxf6 gxf6 18.Qf3 Qxb2 19.Nc7+ Ke7 20.Nxa8 Qb4 21.Qe2 Qb7 22.Bd5 exd5
23.exd5+ Kf8 24.Qe3 h5 25.Nb6 Bf5 26.Nc4 Qxd5 27.Qe7+ Kg7 28.Nxd6 Bxc2 29.h3 Kg6
30.Re3 h4 31.Rf3 Qe6 32.Qc7 Bb3 33.Re3 Qd5 34.Ne4 Re8 35.Qf4 Bd1 36.Qxf6+  1-0

[Event "White Nights"]
[Site "St Petersburg RUS"]
[Date "2005.06.20"]
[Round "3"]
[White "Busygina,A"]
[Black "Lavrik,D"]
[Result "0-1"]
[WhiteElo "2080"]
[BlackElo "2222"]

1.e4 c5 2.Nf3 e6 3.d4 cxd4 4.Nxd4 a6 5.Nc3 b5 6.a3 d6 7.Be3 Nf6 8.Be2 Bb7
9.Bf3 Nbd7 10.Nb3 Be7 11.O-O O-O 12.Re1 Rc8 13.Nd2 Qc7 14.Bf4 Rfd8 15.Qe2 Qb8
16.Rad1 Ne5 17.Qe3 Qa8 18.Rc1 Rd7 19.Bd1 Ng6 20.Nb3 Nxf4 21.Qxf4 Bd8 22.Bf3 Bb6
23.Re2 d5 24.e5 Ne4 25.Bxe4 dxe4 26.Nd2 Rd4 27.Nb3 Rdc4 28.Nd2 e3 29.Nxc4 Rxc4
30.Qg3 exf2+ 31.Rxf2 h5 32.Ne2 Rg4 33.Qh3 Rxg2+ 34.Kf1 Rxf2+ 35.Ke1 Bg2  0-1

[Event "Friendship IM"]
[Site "Cartak CZE"]
[Date "2005.06.21"]
[Round "6"]
[White "Petr,Ma"]
[Black "Kanovsky,D"]
[Result "1/2-1/2"]
[WhiteElo "2293"]
[BlackElo "2338"]

1.e4 c5 2.Nf3 e6 3.d4 cxd4 4.Nxd4 a6 5.Nc3 b5 6.Bd3 Qb6 7.Nb3 Qc7 8.O-O Bb7
9.Qe2 d6 10.f4 Nd7 11.Bd2 Ngf6 12.Rae1 h5 13.h3 h4 14.Nd5 Nxd5 15.exd5 Bxd5
16.a4 bxa4 17.c4 Bb7 18.Bg6 O-O-O 19.Ba5 Qc6 20.Bxf7 axb3 21.Bxd8 Kxd8 22.Bxe6 Be7
23.Bd5 Qb6+ 24.c5 Qxc5+ 25.Rf2 Qxd5 26.Qxe7+ Kc8 27.Re6 Nc5 28.Rxd6 Qe4 29.Qxg7 Re8
30.Rd1 Kb8 31.f5 Qe3 32.Qd4 Qxd4 33.Rxd4 Re1+ 34.Rf1 Re2 35.Rf2 Re1+ 36.Rf1 Re2  1/2-1/2

[Event "White Nights"]
[Site "St Petersburg RUS"]
[Date "2005.06.21"]
[Round "4"]
[White "Aseeva,M"]
[Black "Shimanov,A"]
[Result "0-1"]
[WhiteElo "2141"]
[BlackElo "2259"]

1.e4 c5 2.Nf3 e6 3.d4 cxd4 4.Nxd4 a6 5.Nc3 Qc7 6.Bd3 b5 7.O-O Bb7 8.Re1 d6
9.a4 bxa4 10.Nxa4 Nf6 11.Nb3 Be7 12.Be3 Nbd7 13.Nc3 O-O 14.Na5 Bc8 15.Bd4 e5
16.Be3 Nc5 17.Bc4 Rb8 18.Bc1 Kh8 19.Bd5 Bd7 20.Qf3 Ne6 21.Nb3 Nd4 22.Nxd4 exd4
23.Ne2 Nxd5 24.exd5 Bf6 25.Rxa6 Bb5 26.Ra3 Qxc2 27.Nf4 Rfe8 28.Rd1 Rbc8 29.h3 Bg5
30.Rad3 Bxf4 31.Bxf4 Bxd3 32.Rxd3 Re1+ 33.Kh2 Qe2 34.Qxe2 Rxe2 35.Rxd4 Rd8
36.b4 Rxf2 37.Rc4 h6 38.Kg3 Rb2 39.Bc1 Rb3+ 40.Kf4 Re8 41.h4 Rd3 42.b5 Rxd5
43.Rb4 Rc5 44.Be3 g5+ 45.hxg5 hxg5+ 46.Kf3 Rc3 47.Re4 Rxe4 48.Kxe4 Rb3 49.Bd4+ Kh7
50.b6 Rb5 51.g4 Kg6 52.Be3 Kf6 53.Bd4+ Ke6 54.Be3 Kd7 55.Bd4 Kc6 56.Be3 Re5+  0-1

[Event "Open"]
[Site "Voronezh RUS"]
[Date "2005.06.21"]
[Round "9"]
[White "Morozov,E"]
[Black "Kosov,Iv"]
[Result "0-1"]
[WhiteElo "2288"]
[BlackElo "2175"]

1.e4 c5 2.Nf3 e6 3.d4 cxd4 4.Nxd4 a6 5.Nc3 Qc7 6.Be2 Nf6 7.O-O b5 8.Re1 d6
9.Bf3 Bb7 10.a4 bxa4 11.Nd5 Nxd5 12.exd5 e5 13.Bg5 Nd7 14.b3 h6 15.Bh4 g6
16.Rxa4 Bg7 17.Rc4 Qb6 18.Nc6 Nf6 19.Rf4 g5 20.Rb4 Qc7 21.Rc4 Qd7 22.Bg3 O-O
23.h4 Nh7 24.hxg5 hxg5 25.Be2 Rac8 26.Na5 Rxc4 27.Bxc4 Bc8 28.f3 f5 29.Nc6 f4
30.Bf2 g4 31.fxg4 f3 32.gxf3 Ng5 33.Re3 Nxf3+ 34.Rxf3 Qxg4+ 35.Kf1 Rxf3 36.Qe2 Qh3+
37.Ke1 Bg4 38.Qf1 Qh6  0-1

[Event "White Nights"]
[Site "St Petersburg RUS"]
[Date "2005.06.22"]
[Round "5"]
[White "Solovjov,S"]
[Black "Truskavetsky,A"]
[Result "1/2-1/2"]
[WhiteElo "2473"]
[BlackElo "2374"]

1.e4 c5 2.Nf3 e6 3.d4 cxd4 4.Nxd4 a6 5.Nc3 b5 6.Be3 Bb7 7.f3 Nf6 8.Qd2 d5
9.e5 Nfd7 10.f4 Nc6 11.f5 Nxd4 12.Bxd4 Bc5 13.fxe6 fxe6 14.O-O-O Bxd4 15.Qxd4 Qg5+
16.Kb1 O-O 17.Bd3 Qxe5 18.Qh4 g6 19.Rhe1 Qf6 20.Qb4 e5 21.Be4 dxe4 22.Rxd7 Rf7
23.Rxf7 Qxf7 24.Nxe4 Rd8 25.Ng5 Qf5 26.Qb3+ Bd5 27.Qg3 Rc8 28.Qd3 Bxg2 29.Ne4 Bxe4
30.Rxe4 Qe6 31.a3 Rc4 32.Re1 Rc8 33.h4 h5 34.Qe3 Rc4 35.Qg5 Rd4 36.b3 e4
37.Rf1 Kg7 38.Qc5 Rd8 39.Qc3+ Kh7 40.Rf6 Qe7 41.Rc6 Rd1+ 42.Kb2 Qg7 43.Qxg7+ Kxg7
44.Re6 Re1 45.Rxa6 Kf7 46.Kc3 Rd1 47.Ra7+ Kf6 48.Ra8 Kf5 49.a4 bxa4 50.bxa4 e3
51.Re8 Kf4 52.a5 Ra1 53.Kd3 Rxa5 54.Re4+ Kg3 55.Kxe3 g5 56.hxg5 Rxg5 57.c4 h4
58.Kd3 Rg4 59.Rxg4+ Kxg4  1/2-1/2

[Event "zt 4.1"]
[Site "Taza MAR"]
[Date "2005.06.24"]
[Round "6"]
[White "Hamdouchi,H"]
[Black "Bengafer,M"]
[Result "1-0"]
[WhiteElo "2559"]
[BlackElo "2296"]

1.e4 c5 2.Nc3 a6 3.Nf3 e6 4.d4 cxd4 5.Nxd4 b5 6.Bd3 Bb7 7.O-O Qc7 8.Qe2 Nf6
9.Bd2 Be7 10.e5 Nd5 11.Nxd5 Bxd5 12.a4 b4 13.c3 Nc6 14.Nxc6 Qxc6 15.Qg4 bxc3
16.Rac1 h5 17.Qxg7 O-O-O 18.Rxc3 Rhg8 19.Rxc6+ dxc6 20.Bxa6+ Kb8 21.Qxg8 Rxg8
22.g3 h4 23.Be3 Rg4 24.Bf4 hxg3 25.hxg3 Bf3 26.Re1 Rg8 27.Bf1 Rd8 28.Bg2 Bxg2
29.Kxg2 Rd4 30.Rh1 Rxa4 31.Rh7 Rb4 32.Rxf7 Bc5 33.g4 Rxb2 34.Bh6 Bd4 35.g5 Bxe5
36.g6 Rb4  1-0

[Event "6th Kurass Memorial"]
[Site "Kiev UKR"]
[Date "2005.06.25"]
[Round "5"]
[White "Nazarevich,V"]
[Black "Marchenko,V"]
[Result "1-0"]
[WhiteElo "2346"]
[BlackElo "2330"]

1.e4 c5 2.Nf3 e6 3.d4 cxd4 4.Nxd4 a6 5.Nc3 Qc7 6.Bd3 Nf6 7.O-O Nc6 8.Be3 Be7
9.Kh1 O-O 10.f4 d6 11.Qf3 Bd7 12.Rae1 b5 13.a3 Rab8 14.Nb3 g6 15.Bd2 b4 16.axb4 Nxb4
17.e5 Nh5 18.Be4 d5 19.Bd3 Nxd3 20.Qxd3 Bb5 21.Nxb5 axb5 22.g4 Ng7 23.f5 exf5
24.gxf5 Nxf5 25.Rxf5 gxf5 26.Bh6 Rb6 27.Bxf8 Bxf8 28.Nd4 Qc4 29.Nxf5 Qb4
30.c3 Qxb2 31.Nd6 Rxd6 32.exd6 Bxd6 33.Re8+ Kg7 34.Qd4+ f6 35.Qg4+ Kh6 36.Qh3+ Kg5
37.Rg8+ Kf4 38.Qg3+ Kf5 39.Qg4+  1-0

[Event "White Nights"]
[Site "St Petersburg RUS"]
[Date "2005.06.25"]
[Round "8"]
[White "Shchukin,D"]
[Black "Mishuchkov,N"]
[Result "1-0"]
[WhiteElo "2347"]
[BlackElo "2386"]

1.e4 c5 2.Nf3 e6 3.d4 cxd4 4.Nxd4 a6 5.Nc3 b5 6.g3 Bb7 7.Bg2 Nf6 8.O-O b4
9.Na4 d5 10.e5 Ne4 11.Be3 Nd7 12.f4 Ndc5 13.Nxc5 Bxc5 14.Kh1 O-O 15.Qg4 Bxd4
16.Bxd4 Rc8 17.Rfc1 Rc4 18.Qd1 Qc7 19.b3 Rc6 20.a3 Rc8 21.axb4 Rxc2 22.Rxc2 Qxc2
23.Qxc2 Rxc2 24.Bf1 h5 25.Bxa6 Bxa6 26.Rxa6 Nd2 27.b5 Nxb3 28.Bg1 Rb2 29.b6 Nd2
30.Bd4 Rb1+ 31.Kg2 Kh7 32.Ra1 Rb3 33.Ra7 Kg6 34.h3 Rb4 35.Bc5 Rb5 36.b7 Ne4
37.Bd6 Nxd6 38.exd6 Kf6 39.d7 Ke7 40.Ra8  1-0

[Event "White Nights"]
[Site "St Petersburg RUS"]
[Date "2005.06.26"]
[Round "9"]
[White "Aseeva,M"]
[Black "Golovenchits,B"]
[Result "0-1"]
[WhiteElo "2141"]
[BlackElo "2095"]

1.e4 c5 2.Nf3 e6 3.d4 cxd4 4.Nxd4 a6 5.Nc3 Bb4 6.Bd3 Ne7 7.Bd2 O-O 8.Qh5 Nbc6
9.Nf3 Qa5 10.e5 f5 11.O-O-O b5 12.Kb1 Bxc3 13.Bxc3 b4 14.Bd2 Bb7 15.Bc4 Qc7
16.Rhe1 a5 17.Bg5 Ng6 18.Be3 Nce7 19.Bb5 Bxf3 20.Qxf3 Nd5 21.Rxd5 exd5 22.Qxd5+ Kh8
23.Bxd7 Qxe5 24.Qxe5 Nxe5 25.Be6 Ng4 26.Bd4 Rfe8 27.h3 Ra6 28.hxg4 Raxe6
29.Rd1 Re1 30.Kc1 fxg4 31.Bb6 Rxd1+ 32.Kxd1 Re5 33.c4 bxc3 34.bxc3 Rb5 35.Bd4 a4
36.Kc2 h5 37.g3 Kg8 38.c4 Rb8 39.Kc3 Kf7 40.c5 g5 41.Be5 Rb1 42.Kd3 Ke6 43.Bc3 a3
44.Kc2 Rf1 45.Bd4 h4 46.gxh4 gxh4 47.c6 h3  0-1

[Event "ITT Cinco Soles"]
[Site "Pinamar ARG"]
[Date "2005.06.29"]
[Round "8"]
[White "Della Morte,P"]
[Black "Hobaica,J"]
[Result "1/2-1/2"]
[WhiteElo "2285"]
[BlackElo "2312"]

1.e4 c5 2.Nf3 e6 3.d4 cxd4 4.Nxd4 a6 5.Nc3 Qc7 6.Bd3 Nc6 7.Nxc6 dxc6 8.O-O e5
9.a4 Be6 10.Qe2 Bc5 11.Be3  1/2-1/2

[Event "33rd World Open"]
[Site "Philadelphia USA"]
[Date "2005.06.30"]
[Round "3"]
[White "Roy Chowdhury,S"]
[Black "Ortiz,Na"]
[Result "1/2-1/2"]
[WhiteElo "2397"]
[BlackElo "2204"]

1.e4 c5 2.Nf3 e6 3.Nc3 a6 4.d4 cxd4 5.Nxd4 Qc7 6.Be2 Nf6 7.O-O Bc5 8.Nb3 Be7
9.f4 d6 10.Be3 O-O 11.Bf3 Nbd7 12.a4 Rb8 13.Qe1 b6 14.g4 Nc5 15.g5 Ne8 16.Bg2 Nxb3
17.cxb3 f5 18.exf5 Rxf5 19.Ne2 Rf8 20.Nd4 Bd7 21.Rc1 Qd8 22.Nc6 Bxc6 23.Rxc6 e5
24.Bd5+ Kh8 25.Qc1 Qd7 26.Bg2 Qg4 27.fxe5 Rxf1+ 28.Qxf1 dxe5 29.Rc1 Nd6 30.h3 Qe6
31.Rc3 Nf5 32.Bf2 Nd4 33.Qxa6 Bxg5 34.Qc4 Qd7 35.Kh1 Rf8 36.Bg1 h6 37.b4 Qxa4
38.Qd5 Bf4 39.Qd6 Rg8 40.Ra3 Qd1 41.Be4 Qh5 42.Qxb6 Nf5 43.Qf2 Qg6 44.Qg2 Ng3+
45.Rxg3 Qxg3 46.b5 Qxg2+ 47.Kxg2 Bd2 48.Bc5 Rc8 49.Bc6 e4 50.b4 Bc3  1/2-1/2

[Event "ITT Cinco Soles"]
[Site "Pinamar ARG"]
[Date "2005.06.30"]
[Round "9"]
[White "Walsh,H"]
[Black "Della Morte,P"]
[Result "1/2-1/2"]
[WhiteElo "2191"]
[BlackElo "2285"]

1.e4 c5 2.Nf3 e6 3.Nc3 a6 4.d4 cxd4 5.Nxd4 Qc7 6.Be2 Nc6 7.O-O Nf6 8.Kh1 Nxd4
9.Qxd4 Bc5 10.Qd3 b5 11.f4 Bb7 12.Bf3 O-O 13.e5 Ne8 14.Bxb7 Qxb7 15.Ne4 Be7  1/2-1/2

[Event "Skanska"]
[Site "Brno CZE"]
[Date "2005.07.01"]
[Round "2"]
[White "Slaby,J"]
[Black "Bernasek,J"]
[Result "0-1"]
[WhiteElo "2403"]
[BlackElo "2428"]

1.e4 c5 2.Nf3 e6 3.d4 cxd4 4.Nxd4 a6 5.Nc3 b5 6.Bd3 d6 7.O-O Nf6 8.Qe2 Be7
9.f4 Bb7 10.a4 b4 11.Nd1 O-O 12.Nf2 Re8 13.a5 Bf8 14.Kh1 e5 15.fxe5 Rxe5
16.Bd2 Nbd7 17.Nf3 Re8 18.b3 Qc7 19.Qd1 d5 20.e5 Ne4 21.Bf4 Qd8 22.Qe2 Ndc5
23.Bxe4 dxe4 24.Ng5 h6 25.Ngxe4 Qd5 26.Rae1 f5 27.exf6 Nxe4 28.Nxe4 Rxe4
29.Qg4 g5 30.Rxe4 Qxe4 31.h4 Qxg2+ 32.Qxg2 Bxg2+ 33.Kxg2 gxf4  0-1